Capitals of Europe wirh no repeating vowels - Statistics

General Stats
  • This quiz has been taken 58 times
    44 since last reset
  • The average score is 18 of 22
Answer Stats
Answer % Correct
Dublin
97%
Lisbon
97%
Athens
94%
Berlin
91%
Riga
88%
Rome
88%
Bern
85%
Kiev
85%
Madrid
85%
Prague
82%
Bucharest
79%
Paris
79%
Tallinn
79%
Zagreb
79%
Budapest
76%
Brussels
74%
Minsk
74%
Skopje
74%
Sofia
74%
Vaduz
74%
Vienna
68%
Reykjavik
65%
No matching quizzes found
Score Distribution
Percent of People with Each Score
Percentile by Number Answered
Your Score History
You have not taken this quiz since the last reset